Catalog

Record Details

Catalog Search



Politika, jaká nemá být  Cover Image Book Book

Politika, jaká nemá být / Petr Fiala

Fiala, Petr, 1964- (Author).

Record details

  • ISBN: 978-80-7325-216-8 (brož.) :
  • Physical Description: 163 s. ; 19 cm
  • Edition: 1. vyd.
  • Publisher: Brno : Centrum pro studium demokracie a kultury, 2010

Content descriptions

Bibliography, etc. Note:
Obsahuje bibliografické odkazy
Subject: politika
politická krize
demokracie
člověk a společnost
politics
political crisis
democracy
man and society
Genre: eseje
sborníky
essays
miscellanea

Available copies

  • 1 of 1 copy available at Common Catalog SPOK.

Holds

  • 0 current holds with 1 total copy.
Show All Copies
Location Call Number / Copy Notes Barcode Shelving Location Status Due Date
Jabok Library Soc-5 424480027260 Odborná literatura Available -

LDR 01727nam a2200529 a 4500
00116799
003CZ-PrJAB
00520220406083416.0
007ta
008100618s2010 xr e 000 0 cze
015 . ‡acnb002111946
020 . ‡a978-80-7325-216-8 (brož.) : ‡cKč 175,00
035 . ‡a(CONS)16799
035 . ‡a(CZ PrNK)nkc20102111946
035 . ‡a(OCoLC)655166389
040 . ‡aABA001 ‡bcze
072 7. ‡a32 ‡xPolitika ‡2Konspekt ‡915
080 . ‡a32 ‡2MRF
080 . ‡a323:328.16 ‡2MRF
080 . ‡a321.7+342.34 ‡2MRF
080 . ‡a316.3/.6 ‡2MRF
080 . ‡a(0:82-4) ‡2MRF
080 . ‡a(081) ‡2MRF
1001 . ‡aFiala, Petr, ‡d1964 září 1.- ‡7jn19981001090 ‡4aut
24510. ‡aPolitika, jaká nemá být / ‡cPetr Fiala
250 . ‡a1. vyd.
260 . ‡aBrno : ‡bCentrum pro studium demokracie a kultury, ‡c2010
300 . ‡a163 s. ; ‡c19 cm
504 . ‡aObsahuje bibliografické odkazy
65007. ‡apolitika ‡7ph115795 ‡2czenas
65007. ‡apolitická krize ‡7ph137745 ‡2czenas
65007. ‡ademokracie ‡7ph117182 ‡2czenas
65007. ‡ačlověk a společnost ‡7ph116878 ‡2czenas
65009. ‡apolitics ‡2eczenas
65009. ‡apolitical crisis ‡2eczenas
65009. ‡ademocracy ‡2eczenas
65009. ‡aman and society ‡2eczenas
655 7. ‡aeseje ‡7fd132213 ‡2czenas
655 7. ‡asborníky ‡7fd163935 ‡2czenas
655 9. ‡aessays ‡2eczenas
655 9. ‡amiscellanea ‡2eczenas
910 . ‡aABG312
901 . ‡a16799 ‡b ‡c16799 ‡tbiblio

Additional Resources